Guess the 1960s song lyrics #224 - Statistics

General Stats
  • This quiz has been taken 15 times
  • The average score is 144 of 203
Answer Stats
Answer % Correct
a
100%
A
100%
I
100%
And
90%
and
90%
but
90%
in
90%
me
90%
my
90%
My
90%
so
90%
The
90%
the
90%
to
90%
could
80%
I'm
80%
know
80%
life
80%
mama
80%
Mama
80%
no
80%
No
80%
Not
80%
of
80%
On
80%
on
80%
one
80%
She
80%
tried
80%
up
80%
where
80%
all
70%
cause
70%
child
70%
couldn't
70%
doing
70%
have
70%
her
70%
his
70%
only
70%
prison
70%
raise
70%
right
70%
That
70%
Was
70%
without
70%
bad
60%
blame
60%
bound
60%
first
60%
freight
60%
From
60%
hold
60%
leaving
60%
mom
60%
parole
60%
remember
60%
shoes
60%
soul
60%
thing
60%
town
60%
train
60%
turned
60%
twenty-one
60%
what
60%
anymore
50%
best
50%
better
50%
blowin
50%
change
50%
Dear
50%
denied
50%
dream
50%
family
50%
fill
50%
growing
50%
hard
50%
knowin
50%
knowing
50%
lay
50%
leaves
50%
Left
50%
lonesome
50%
meek
50%
Merle Haggard
50%
mild
50%
mind
50%
old
50%
rebel
50%
rest
50%
ride
50%
seemed
50%
store
50%
Til
50%
very
50%
Wanted
50%
whistle
50%
daddy
40%
Despite
40%
heavy
40%
hours
40%
kept
40%
learnin
40%
load
40%
pleading
40%
refused
40%
steer
40%
Sunday
40%
Towards
40%
turnin
40%
Working
40%
youngn's
20%
No matching quizzes found
Score Distribution
Percent of People with Each Score
Percentile by Number Answered
Your Score History
You have not taken this quiz